| 000 | 01481cam a22002054a 4500 | ||
|---|---|---|---|
| 005 | 20250605164209.0 | ||
| 008 | 250528s ||||||||||||||||||||||||d | ||
| 035 | _a20182 | ||
| 020 | _a9600210055 | ||
| 040 |
_aGR-AtMCL _bgre _dGR-AtMCL _eAACR2 |
||
| 245 | 1 |
_aΜαθηματικά Οικονομικής Ανάλυσης. _nΤόμος Α': Β' Έκδοση |
|
| 250 | _a2η | ||
| 260 |
_bΠαπαζήση, _c1994 |
||
| 300 | _a646 | ||
| 520 | _aΕισαγωγή, Μαθηματικές Έννοιες και Υποδείγματα, Στατιστική Ανάλυση (Ανάλυση Ισορροπίας), Στατιστικά Υποδείγματα, Στοιχεία Γραμμικών Μαθηματικών, Διανυσματικοί Χώροι και Γραμμικοί Μετασχηματισμοί, Συστήματα Γραμμικών Εξισώσεων, Χαρακτηριστικά Μεγέθη Μητρών και Μετασχηματιστών, Γραμμικά Υποδείγματα και Εφαρμογές της Γραμμικής Άλγεβρας, Συγκριτική Στατική Ανάλυση, Παραγωγοί και Διαφορικά, Γεννικές Έννοιες και Εφαρμογές στη Συγκριτική Στατική, Παράρτημα, Βιβλιογραφία, Ευρετήριο Όρων. | ||
| 700 | 1 |
_aΚορκοτσίδης Αναστάσιος Σ _94696 |
|
| 942 | _cBK | ||
| 999 |
_c5319 _d5319 |
||